| 000 | 02243cam a2200373 a 4500 | ||
|---|---|---|---|
| 999 |
_c1295 _d1295 |
||
| 001 | 16582181 | ||
| 003 | GZU | ||
| 005 | 20201005130621.0 | ||
| 008 | 101216s2011 enka b 001 0 eng | ||
| 010 | _a 2010052205 | ||
| 020 | _a9780415572323 (hbk) | ||
| 020 | _a9780415573467 (pbk) | ||
| 020 | _a9780203813287 (ebook) | ||
| 040 |
_aDLC _cDLC |
||
| 050 | 0 | 0 |
_aHB171.5 _b.D164 2011 |
| 082 | 0 | 0 |
_a337 _222 |
| 100 | 1 | _aDaniels, Joseph P. | |
| 245 | 1 | 0 |
_aGlobal economic issues and policies / _cJoseph P. Daniels and David D. VanHoose. |
| 250 | _a2nd ed. | ||
| 260 |
_aNew York : _bRoutledge, _cc2011. |
||
| 300 |
_axix, 503 p. : _bill. ; _c27 cm. |
||
| 504 | _aIncludes bibliographical references and index. | ||
| 505 | 0 | _aIntroduction to the global economy -- Understanding the global economy -- Comparative advantage : how nations can gain from international trade -- Unit two: International trade : enduring issues -- Sources of comparative advantage -- Regulating international trade : trade policies and their effects -- Regionalism and multilateralism -- Unit three: International finance : enduring issues -- Balance of payments and foreign exchange markets -- Exchange rate systems : past to present -- The power of arbitrage : purchasing power and interets rate parities -- Global money and banking : where central banks fit into the world economy -- Unit four: Contemporary global economic policies and issues -- Contemporary global economic issues and policies -- Economic development -- Industrial structure and trade in the global economy : businesses without borders -- The public sector in the global economy -- Dealing with financial crises : does the world need international financial architecture. | |
| 650 | 0 | _aEconomics. | |
| 650 | 0 | _aEconomic policy. | |
| 650 | 0 |
_aGlobalization _xEconomic aspects. |
|
| 650 | 0 | _aInternational economic relations. | |
| 650 | 0 | _aInternational trade. | |
| 650 | 0 | _aInternational finance. | |
| 700 | 1 | _aVanHoose, David D. | |
| 906 |
_a7 _bcbc _corignew _d1 _eecip _f20 _gy-gencatlg |
||
| 942 |
_2lcc _cBK _e2nd ed. _h171.5 _iDAN _kHB |
||